EL CONFLICTO DE LOS PROYECTOS HISTORICOS EN LA PERSPECTIVA DE LEOPOLDO ZEA/

Guardado en:
Detalles Bibliográficos
Autor principal: Ibáñez, Alfonso (autor)
Formato: Libro
Temas:
Etiquetas: Agrega una etiqueta
Sin etiquetas, Sé el primero en etiquetar este registro!

MARC

LEADER 00000nam^a2200000^a^4500
001 000221958
005 20250521000000.0
009 20260310103932.306
035 |a 041157 
037 |a Acervo Xavier Clavigero 
082 |a 901. 980  |b IBA 
100 |a Ibáñez, Alfonso  |e (autor) 
245 1 3 |a EL CONFLICTO DE LOS PROYECTOS HISTORICOS EN LA PERSPECTIVA DE LEOPOLDO ZEA/  |c ALFONSO IBAÑEZ 
264 |a MEXICO :  |b S.E. 
300 |a 15h. 
336 |a texto  |b txt  |2 rdacontenido 
337 |a sin mediación  |b n  |2 rdamedio 
338 |a volumen  |b nc  |2 rdasoporte 
649 |a XX 
650 |a Historia -  |x Filosofía -  |z Iberoamérica 
910 |a Fondo General 
920 |a Impresos - Libros 
930 |a Colección General 
905 |a 101 
901 |a 041157  |b IT1  |c ACC  |i 041157  |u 20250521 
901 |a 041158  |b IT1  |c ACC  |i 041158  |u 20250521 
901 |a 041159  |b IT1  |c ACC  |i 041159  |u 20250521 
901 |a 041160  |b IT1  |c ACC  |i 041160  |u 20250521 
902 |a https://opac.biblio.iteso.mx/vufind/Record/000221958